Enciclopedia de la técnica y de la mecánica / (Record no. 59333)
[ view plain ]
| 000 -LEADER | |
|---|---|
| campo de control de longitud fija | 00959nam a2200205 i 4500 |
| 001 - NÚMERO DE CONTROL | |
| campo de control | 59333 |
| 003 - IDENTIFICADOR DE NÚMERO DE CONTROL | |
| campo de control | ES-MaACL |
| 005 - FECHA Y HORA DE LA ÚLTIMA TRANSACCIÓN | |
| campo de control | 20230906164019.0 |
| 007 - CAMPO FIJO DE DESCRIPCIÓN FÍSICA--INFORMACIÓN GENERAL | |
| campo de control de longitud fija | t| |
| 008 - DATOS DE LONGITUD FIJA--INFORMACIÓN GENERAL | |
| campo de control de longitud fija | 031028s1970 sp a |||| | spa d |
| 245 00 - MENCIÓN DEL TÍTULO | |
| Título | Enciclopedia de la técnica y de la mecánica / |
| Mención de responsabilidad, etc. | dirección de la obra original, Dr. Ing. Franco Rossi ; dirección de la edición española, D. Juan J. Maluquer Wahl ; traductores, Asunción Amat Alonso, y otros. |
| 260 ## - PUBLICACIÓN, DISTRIBUCIÓN, ETC. | |
| Lugar de publicación, distribución, etc. | Barcelona : |
| Nombre del editor, distribuidor, etc. | [Nauta, |
| Fecha de publicación, distribución, etc. | 1970] |
| 300 ## - DESCRIPCIÓN FÍSICA | |
| Extensión | 7 v. : |
| Otras características físicas | il. ; |
| Dimensiones | 31 cm. |
| 505 8# - NOTA DE CONTENIDO CON FORMATO | |
| Nota de contenido con formato | Contiene: V. I.: Abaco-Automóvil. -- V. II.: Autonomía-Citrato. -- V. III.: Cítrico-Eötvös. -- V. IV.: Epic-Hogar. -- V. V.: Hoja-Ocular. -- V. VI.: Ocultador-Sección. -- V. VII.: Sección central-Zunchado |
| 650 #4 - PUNTO DE ACCESO ADICIONAL DE MATERIA--TÉRMINO DE MATERIA | |
| Término de materia o nombre geográfico como elemento de entrada | Tecnología- |
| Subdivisión de forma | Enciclopedias. |
| 9 (RLIN) | 143700 |
| 700 1# - ENTRADA AGREGADA--NOMBRE PERSONAL | |
| Nombre de persona | Maluquer Wahl, Juan J. |
| 9 (RLIN) | 75884 |
| 700 1# - ENTRADA AGREGADA--NOMBRE PERSONAL | |
| Nombre de persona | Rossi, Franco. |
| 9 (RLIN) | 161850 |
| 700 1# - ENTRADA AGREGADA--NOMBRE PERSONAL | |
| Nombre de persona | Amat Alonso, Asunción. |
| 9 (RLIN) | 161851 |
| 852 ## - LOCALIZACIÓN | |
| Ubicación | ES-MaACL |
| Número de control de estantería | C-55036-42 |
| Estatus retirado | Estado de pérdida | Estado de daño | No para préstamo | Colección | Biblioteca de origen | Biblioteca actual | Ubicación en estantería | Fecha de adquisición | Fuente de adquisición | Total de préstamos | Signatura topográfica completa | Código de barras | Visto por última vez | Precio de reemplazo | Tipo de ítem Koha |
|---|---|---|---|---|---|---|---|---|---|---|---|---|---|---|---|
| Colección de referencia | Biblioteca del Ateneo de Madrid | Biblioteca del Ateneo de Madrid | Depósito 2 | 17/01/2008 | C-55036-42 | 1062236 | 23/02/2023 | 23/02/2023 | Libro impreso |
